Southville International School and Colleges
Your cart is empty.
  • Cart
  • Lists
    Public lists Eva Luna New books Lux_list list_1
    Your lists Log in to create your own lists
  • Log in to your account
  • Your cookies
  • Search history
Southville International School and Colleges
  • Advanced search
  • Recent comments
  • Most popular
  • Libraries

Log in to your account

Log in with GOOGLE


If you do not have an external account, but do have a local account, you can still log in:

  1. Home
  2. MARC view: The Evolution of Film :
Normal view MARC view ISBD view

The Evolution of Film : (Record no. 22648)

[ view plain ]
MARC details
000 -LEADER
fixed length control field 00550nam a2200193 a 4500
005 - DATE AND TIME OF LATEST TRANSACTION
control field 20140310183426.0
008 - FIXED-LENGTH DATA ELEMENTS--GENERAL INFORMATION
fixed length control field 071002s19uu xx 00 eng d
020 ## - INTERNATIONAL STANDARD BOOK NUMBER
International Standard Book Number 9780745634760
050 ## - LIBRARY OF CONGRESS CALL NUMBER
Classification number PN 1993.7
Item number .H38 2007
100 ## - MAIN ENTRY--PERSONAL NAME
Personal name Harbord, Janet
245 ## - TITLE STATEMENT
Title The Evolution of Film :
Remainder of title rethinking film studies /
Statement of responsibility, etc Janet Harbord
260 ## - PUBLICATION, DISTRIBUTION, ETC. (IMPRINT)
Place of publication, distribution, etc U.S.A :
Name of publisher, distributor, etc Polity Press,
Date of publication, distribution, etc 2007.
300 ## - PHYSICAL DESCRIPTION
Extent 198 p. :
Dimensions 22 cm.
521 ## - TARGET AUDIENCE NOTE
Target audience note
650 ## - SUBJECT ADDED ENTRY--TOPICAL TERM
Topical term or geographic name as entry element Motion pictures
General subdivision Philosophy.
650 ## - SUBJECT ADDED ENTRY--TOPICAL TERM
Topical term or geographic name as entry element Motion pictures plays.
942 ## - ADDED ENTRY ELEMENTS (KOHA)
Koha item type Books
Source of classification or shelving scheme Library of Congress Classification
Call number prefix Foreign
Holdings
Withdrawn status Lost status Source of classification or shelving scheme Damaged status Home library Current library Shelving location Date acquired Source of acquisition Cost, normal purchase price Total Checkouts Full call number Barcode Date last seen Date checked out Copy number Price effective from Koha item type
    Library of Congress Classification   College Library College Library General Circulation Section 10/02/2007 Donation 1699.00 1 PN 1993.7 .H38 2007 C8814 05/15/2018 06/18/2015 1 10/18/2013 Books

The Evolution of Film :

APA

Harbord J., . (2007). The Evolution of Film. U.S.A: Polity Press.

Chicago

Harbord Janet, . 2007. The Evolution of Film. U.S.A: Polity Press.

Harvard

Harbord J., . (2007). The Evolution of Film. U.S.A: Polity Press.

MLA

Harbord Janet, . The Evolution of Film. U.S.A: Polity Press. 2007.

  • Place hold
  • Print
  • Cite
  • Add to your cart (remove)
  • Save record
    BIBTEX Dublin Core MARCXML MARC (non-Unicode/MARC-8) MARC (Unicode/UTF-8) MARC (Unicode/UTF-8, Standard) MODS (XML) RIS
  • More searches
    Search for this title in:
    Other Libraries (WorldCat) Other Databases (Google Scholar) Online Stores (Bookfinder.com) Open Library (openlibrary.org)

Exporting to Dublin Core...

SOUTHVILLE LIBRARY

Southville International School and Colleges Library

1281 Tropical Ave. Cor. Luxembourg St., BF Homes International, Las Pinas City

Tel. No. 8256374 / 252358 Loc. 117/146

Powered by Koha